Maďarsko-slovenský a slovensko-maďarský vreckový slovník

Gespeichert in:
Bibliographische Detailangaben
Hauptverfasser: Chrenková, Edita (Verfasst von), Kazimírová, Mária (Verfasst von), Sima, František (Verfasst von)
Format: Buch
Sprache:Ungarisch
Slowakisch
Veröffentlicht: Bratislava : Slovenské pedagogické nakladateľstvo, 1987
Ausgabe:2.vyd.
Tags: Tag hinzufügen
Keine Tags, Fügen Sie das erste Tag hinzu!

MARC

LEADER 00000nam a22000003a 4500
001 stu29593
005 20150617225738.9
008 950905s1987----xo------------------hun-d
040 |a STU  |b slo 
041 0 |a hun  |a slo 
044 |a xo 
100 1 |a Chrenková, Edita  |4 aut 
245 1 |a Maďarsko-slovenský a slovensko-maďarský vreckový slovník 
250 |a 2.vyd. 
260 |a Bratislava :  |b Slovenské pedagogické nakladateľstvo,  |c 1987 
300 |a 999 s 
700 1 |a Kazimírová, Mária  |4 aut 
700 1 |a Sima, František  |4 aut 
996 |b 284EK90707  |c E* 90707  |l EE01  |s A  |a 24  |w stu29593_0003